LEADER 07068nam 22008415 450 001 9910143595403321 005 20251116234203.0 010 $a3-540-45512-4 024 7 $a10.1007/3-540-45512-4 035 $a(CKB)1000000000211502 035 $a(SSID)ssj0000326020 035 $a(PQKBManifestationID)11242575 035 $a(PQKBTitleCode)TC0000326020 035 $a(PQKBWorkID)10284061 035 $a(PQKB)10398783 035 $a(DE-He213)978-3-540-45512-7 035 $a(MiAaPQ)EBC3073269 035 $a(PPN)155214306 035 $a(EXLCZ)991000000000211502 100 $a20121227d2001 u| 0 101 0 $aeng 135 $aurnn#008mamaa 181 $ctxt 182 $cc 183 $acr 200 10$aQuality of Service - IWQoS 2001 $e9th International Workshop Karlsruhe, Germany, June 6-8, 2001. Proceedings /$fedited by Lars Wolf, David Hutchison, Ralf Steinmetz 205 $a1st ed. 2001. 210 1$aBerlin, Heidelberg :$cSpringer Berlin Heidelberg :$cImprint: Springer,$d2001. 215 $a1 online resource (XII, 434 p.) 225 1 $aLecture Notes in Computer Science,$x0302-9743 ;$v2092 300 $aBibliographic Level Mode of Issuance: Monograph 311 08$a3-540-42217-X 320 $aIncludes bibliographical references at the end of each chapters and index. 327 $aInvited Program -- Panel Discussion: How Will Media Distribution Work in the Internet? -- Invited Talk: Automated, Dynamic Traffic Engineering in Multi-service IP Networks -- Provisioning and Pricing -- Dynamic Core Provisioning for Quantitative Differentiated Service -- Towards Provisioning Diffserv Intra-Nets -- Analysis of Paris Metro Pricing Strategy for QoS with a Single Service Provider -- Why Value Is Everything: A User-Centered Approach to Internet Quality of Service and Pricing -- Systems QoS -- Traveling to Rome: QoS Specifications for Automated Storage System Management -- Extending a Best-Effort Operating System to Provide QoS Processor Management -- User Focus in Consumer Terminals and Conditionally Guaranteed Budgets -- Routing -- Extending BGMP for Shared-Tree Inter-Domain QoS Multicast -- Granularity of QoS Routing in MPLS Networks -- Fault Tolerance and Load Balancing in QoS Provisioning with Multiple MPLS Paths -- On Selection of Paths for Multipath Routing -- TCP Related -- Preferential Treatment of Acknowledgment Packets in a Differentiated Services Network -- A Quantitative Model for the Parameter Setting of RED with TCP Traffic -- Evaluation of the QoS Offered by PRTP-ECN - A TCP-Compliant Partially Reliable Transport Protocol -- Wireless and Mobile -- GAME Based QoS Provisioning in Multimedia Wideband CDMA Networks -- QoS-Aware Adaptive Services in Mobile Ad-Hoc Networks -- Short Paper Session -- Experimental Extensions to RSVP Remote Client and One-Pass Signalling -- Extended Quality-of-Service for Mobile Networks -- Quality of Service Schemes for IEEE 802.11 A Simulation Study -- Differentiated Services over Shared Media -- End-to-Edge QoS System Integration: Integrated Resource Reservation Framework for Mobile Internet -- Problems of Elastic Traffic Admission Control in an HTTP Scenario -- Aggregation and Active Networks Based QoS -- Aggregation and Scalable QoS: A Performance Study -- Customizable Cooperative Metering for Multi-ingress Service Level Agreements in Differentiated Network Services -- Segmented Adaptation of Traffic Aggregates -- Scheduling and Dropping -- Differentiated Services with Lottery Queueing -- On Creating Proportional Loss-Rate Differentiation: Predictability and Performance -- Scheduling and Admission Control -- A Novel Scheduler for a Low Delay Service within Best-Effort -- JoBS: Joint Buffer Management and Scheduling for Differentiated Services -- Optimal Call Admission Control under Generalized Processor Sharing Scheduling. 330 $aWelcome to IWQoS2001 in Karlsruhe! Quality of Service is a very active research field, especially in the networking community. Research in this area has been going on for some time, with results getting into development and finally reaching the stage of products. Trends in research as well as a reality check will be the purpose of this Ninth InternationalW orkshopo n Quality of Service. IWQoS isa ver y successful seriesof workshops and has established itself as one of the premier forums for the presentation and discussion of new research and ideas on QoS. The importance of this workshop series is also reflected in the large number of excellents ubmissions. Nearly 150 papers from all continents were submitted to the workshop, about a fifth of these being short papers. The program committee were very pleased witht he quality of the submissions andh ad the difficult task of selecting the relatively small number of papers which could be accepted for IWQoS2001. Due to the tough competition, many very good papers had to be rejected. 410 0$aLecture Notes in Computer Science,$x0302-9743 ;$v2092 606 $aElectrical engineering 606 $aComputer networks 606 $aApplication software 606 $aMultimedia systems 606 $aOperating systems (Computers) 606 $aManagement information systems 606 $aComputer science 606 $aCommunications Engineering, Networks$3https://scigraph.springernature.com/ontologies/product-market-codes/T24035 606 $aComputer Communication Networks$3https://scigraph.springernature.com/ontologies/product-market-codes/I13022 606 $aInformation Systems Applications (incl. Internet)$3https://scigraph.springernature.com/ontologies/product-market-codes/I18040 606 $aMultimedia Information Systems$3https://scigraph.springernature.com/ontologies/product-market-codes/I18059 606 $aOperating Systems$3https://scigraph.springernature.com/ontologies/product-market-codes/I14045 606 $aManagement of Computing and Information Systems$3https://scigraph.springernature.com/ontologies/product-market-codes/I24067 615 0$aElectrical engineering. 615 0$aComputer networks. 615 0$aApplication software. 615 0$aMultimedia systems. 615 0$aOperating systems (Computers) 615 0$aManagement information systems. 615 0$aComputer science. 615 14$aCommunications Engineering, Networks. 615 24$aComputer Communication Networks. 615 24$aInformation Systems Applications (incl. Internet). 615 24$aMultimedia Information Systems. 615 24$aOperating Systems. 615 24$aManagement of Computing and Information Systems. 676 $a004.6068 702 $aWolf$b Lars$4edt$4http://id.loc.gov/vocabulary/relators/edt 702 $aHutchison$b David$4edt$4http://id.loc.gov/vocabulary/relators/edt 702 $aSteinmetz$b Ralf$4edt$4http://id.loc.gov/vocabulary/relators/edt 801 0$bMiAaPQ 801 1$bMiAaPQ 801 2$bMiAaPQ 906 $aBOOK 912 $a9910143595403321 996 $aQuality of Service - IWQoS 2001$91935959 997 $aUNINA